| 000 | 00913nam a2200277 4500 | ||
|---|---|---|---|
| 003 | OSt | ||
| 005 | 20260601171006.0 | ||
| 008 | 260422b1999\\\\mx\a||||\||||\00|\0\spa\d | ||
| 020 | _a9706545026 | ||
| 040 |
_aICI _bspa _cICI |
||
| 041 | _aspa | ||
| 050 |
_aNK1414.A1 _bM58 |
||
| 245 | 0 |
_aMM1 : _bun año de diseñarte / _ceditoras responsables, Luisa Martinez Leal, Gabriela Paloma Ibañez |
|
| 264 |
_aMéxico, D.F. : _bUAM, Unidad Azcapotzalco, _c1999 |
||
| 300 |
_a183 páginas : _bhojas (algunas a color) |
||
| 336 |
_atexto _2rdacontent |
||
| 337 |
_asin medio _2rdamedia |
||
| 338 |
_avolumen _2rdacarrier |
||
| 500 | _aIncluye referencias bibliograficas | ||
| 650 |
_aDiseño _xHistoria _ySiglo XX _zMexico |
||
| 650 | _aSimetría (Arte) | ||
| 650 | _aComposición (Arte) | ||
| 700 | 1 |
_aMartinez Leal, Luisa, _eeditor _929372 |
|
| 700 | 1 |
_aPaloma Ibañez, Gabriela, _eeditor _932381 |
|
| 942 |
_2lcc _cB _n1 |
||
| 999 |
_c20306 _d20306 |
||